[Event "SV Wattenscheid 1 - SV Dinslaken 1"]
[Site "Oberliga NRW 2018/2019"]
[Date "2019.02.17"]
[Round "6.6"]
[White "Wengenroth, Walter"]
[Black "Borchert, Rene"]
[Result "0-1"]
[WhiteElo "2223"]
[BlackElo "2139"]
[PlyCount "72"]
[EventDate "2019.??.??"]
[WhiteTeam "SV Wattenscheid 1"]
[BlackTeam "SV Dinslaken 1"]

1. e4 e5 2. Nf3 Nc6 3. Bb5 a6 4. Ba4 d6 5. c3 Bd7 6. d4 Nf6 7. Nbd2 b5 8. Bb3
h6 9. O-O g6 10. a4 Bg7 11. Qe2 O-O 12. Rd1 exd4 13. cxd4 Qe7 14. axb5 axb5 15.
Rxa8 Rxa8 16. Re1 Ra1 17. Qxb5 Nxd4 18. Qb8+ Ne8 19. Nxd4 Bxd4 20. Nf3 Bb6 21.
Bd5 Qf6 22. b3 Ra2 23. Rf1 Bb5 24. Bc4 Bc6 25. Qc8 Qe7 26. Bxh6 Bxe4 27. Bg5
Qf8 28. Qg4 d5 29. Nd2 Bf5 30. Qh4 dxc4 31. g4 Be6 32. bxc4 f6 33. Bh6 Qe7 34.
Qg3 g5 35. Qd3 Qh7 36. Qd8 Qd7 0-1

[Event "SV Wattenscheid 1 - SV Dinslaken 1"]
[Site "Oberliga NRW 2018/2019"]
[Date "2019.02.17"]
[Round "6.7"]
[White "Sonnenschein, Philipp"]
[Black "Sandkamp, Ralph"]
[Result "1-0"]
[WhiteElo "2122"]
[BlackElo "2178"]
[PlyCount "129"]
[EventDate "2019.??.??"]
[WhiteTeam "SV Dinslaken 1"]
[BlackTeam "SV Wattenscheid 1"]

1. e4 g6 2. d4 Bg7 3. Nc3 d6 4. f4 a6 5. Nf3 Nd7 6. e5 e6 7. Bd3 Ne7 8. Be3 b5
9. O-O Bb7 10. a4 b4 11. Ne4 Nf5 12. Bd2 a5 13. Qe2 O-O 14. c3 bxc3 15. bxc3 h5
16. Nfg5 c5 17. Nxd6 Nxd6 18. exd6 Re8 19. dxc5 Nxc5 20. Bb5 Ba6 21. Be3 Qxd6
22. Rad1 Qc7 23. Qc4 Rec8 24. Kh1 Bxb5 25. axb5 a4 26. Bxc5 Qxc5 27. Rd8+ Rxd8
28. Qxc5 a3 29. Ra1 a2 30. h3 Rd2 31. Qc7 Rf8 32. b6 Rc2 33. Qa7 Bxc3 34. Rxa2
Rc1+ 35. Kh2 Bd4 36. Nf3 Be3 37. g3 Rb1 38. Qe7 Bxb6 39. Rd2 Ba5 40. Rc2 Bd8
41. Qd7 Bf6 42. Rc8 Rb2+ 43. Kg1 Rb1+ 44. Kf2 Rb2+ 45. Kf1 Rb1+ 46. Ke2 Rb2+
47. Nd2 Rxc8 48. Qxc8+ Kg7 49. Qc7 Ra2 50. Qc4 Ra5 51. Ne4 Rd5 52. Qc7 Bd8 53.
Qc6 Be7 54. Qe8 Bd8 55. Nc3 Rd4 56. Nb5 Rd5 57. Na7 Bf6 58. Nc6 Rc5 59. Nb8 Rf5
60. Nd7 Bb2 61. Qf8+ Kh7 62. Qb4 Bg7 63. g4 hxg4 64. hxg4 Rd5 65. Qe7 1-0

[Event "SV Wattenscheid 1 - SV Dinslaken 1"]
[Site "Oberliga NRW 2018/2019"]
[Date "2019.02.17"]
[Round "6.8"]
[White "Kaehmann, Joerg"]
[Black "Bergmans, Dirk"]
[Result "0-1"]
[WhiteElo "2122"]
[BlackElo "2044"]
[PlyCount "82"]
[EventDate "2019.??.??"]
[WhiteTeam "SV Wattenscheid 1"]
[BlackTeam "SV Dinslaken 1"]

1. d4 Nf6 2. Nf3 d5 3. c4 c6 4. e3 a6 5. c5 Bf5 6. Nc3 Nbd7 7. Nh4 Bg6 8. g4 e6
9. Nxg6 hxg6 10. Bg2 Qc7 11. h3 e5 12. Qc2 e4 13. Bd2 Be7 14. O-O-O O-O-O 15.
Kb1 Rh4 16. f3 exf3 17. Bxf3 Rdh8 18. Bg2 Nf8 19. Rhf1 Ne6 20. Be1 R4h7 21. Ne2
Bd8 22. Bg3 Qd7 23. Nc3 Bc7 24. Be5 Ne8 25. Na4 Qe7 26. Bxc7 N8xc7 27. Nb6+ Kb8
28. e4 dxe4 29. d5 cxd5 30. Nxd5 Nxd5 31. Rxd5 Nc7 32. Rd6 Nb5 33. Rb6 Rc8 34.
Bxe4 Rxc5 35. Qh2+ Rc7 36. Rxb7+ Kc8 37. Re1 Rxb7 38. Bxb7+ Qxb7 39. Re8+ Kd7
40. Qe5 Na3+ 41. Kc1 Qh1+ 0-1

[Event "SC Siegburg 1 - Klub Kölner SF 1"]
[Site "Oberliga NRW 2018/2019"]
[Date "2019.02.17"]
[Round "6.1"]
[White "Strohhaeker, Raoul"]
[Black "Jackelen, Thomas"]
[Result "1-0"]
[WhiteElo "2416"]
[BlackElo "2372"]
[PlyCount "59"]
[EventDate "2019.??.??"]
[WhiteTeam "Klub Kölner SF 1"]
[BlackTeam "SC Siegburg 1"]

1. e4 e6 2. d4 d5 3. e5 c5 4. c3 Nc6 5. Nf3 Bd7 6. a3 Nge7 7. Be3 Nf5 8. Bd3
cxd4 9. cxd4 Be7 10. O-O O-O 11. Nc3 Nxe3 12. fxe3 f5 13. exf6 Bxf6 14. Qc2 g6
15. Rf2 Qe7 16. Raf1 Rac8 17. Qe2 a6 18. g3 Qd6 19. h4 Kg7 20. Kg2 e5 21. e4
exd4 22. Nxd5 Bg4 23. Qd2 Be5 24. Ng5 Rxf2+ 25. Rxf2 Be6 26. Nf4 Bg8 27. h5 h6
28. Nxg6 hxg5 29. Qxg5 Kh7 30. Qf5 1-0

[Event "SC Siegburg 1 - Klub Kölner SF 1"]
[Site "Oberliga NRW 2018/2019"]
[Date "2019.02.17"]
[Round "6.2"]
[White "Schmidt, Bodo"]
[Black "Morawietz, Dieter"]
[Result "0-1"]
[WhiteElo "2289"]
[BlackElo "2370"]
[PlyCount "106"]
[EventDate "2019.??.??"]
[WhiteTeam "SC Siegburg 1"]
[BlackTeam "Klub Kölner SF 1"]

1. d4 e6 2. Nf3 c5 3. e3 Nf6 4. Bd3 Nc6 5. O-O d5 6. b3 Qc7 7. Bb2 cxd4 8. exd4
Nb4 9. Bb5+ Bd7 10. Bxd7+ Nxd7 11. Nc3 Be7 12. Re1 O-O 13. a3 Nc6 14. Ne2 Bf6
15. Ng3 g6 16. Qd2 Rac8 17. Re2 Bg7 18. h4 h5 19. Rae1 Nf6 20. Qd3 Ng4 21. Ng5
Ne7 22. Nf3 Bh6 23. Ne5 Nxe5 24. dxe5 Nc6 25. Nf1 Rfd8 26. g4 hxg4 27. Nh2 Qe7
28. Qg3 Kg7 29. Nxg4 Rh8 30. Kg2 Kf8 31. Nxh6 Rxh6 32. Bc1 Rh5 33. Bg5 Qxa3 34.
Qf4 Qb4 35. c4 Qxb3 36. Rc1 d4 37. Re4 Qd3 38. Rh1 Kg8 39. c5 a5 40. Rh3 Qc4
41. Rf3 Rc7 42. Kh2 Qxc5 43. Bf6 Rd7 44. Qg3 Qd5 45. Rff4 d3 46. Rg4 Qxe4 47.
Rxe4 d2 48. Rg4 d1=Q 49. Rxg6+ fxg6 50. Qxg6+ Kf8 51. Bg5 Qf3 52. Bh6+ Rxh6 53.
Qxh6+ Rg7 0-1

[Event "SC Siegburg 1 - Klub Kölner SF 1"]
[Site "Oberliga NRW 2018/2019"]
[Date "2019.02.17"]
[Round "6.3"]
[White "Helbig, Mark"]
[Black "Andreev, Eduard"]
[Result "0-1"]
[WhiteElo "2336"]
[BlackElo "2388"]
[PlyCount "98"]
[EventDate "2019.??.??"]
[WhiteTeam "Klub Kölner SF 1"]
[BlackTeam "SC Siegburg 1"]

1. d4 Nf6 2. c4 e6 3. Nf3 b6 4. g3 Bb4+ 5. Bd2 a5 6. Bg2 Bb7 7. a3 Bxd2+ 8.
Nbxd2 O-O 9. Nf1 a4 10. Ne3 d6 11. O-O Nbd7 12. Qc2 Be4 13. Qc3 Qe7 14. Rad1
Rfb8 15. Bh3 h6 16. Nd2 Bb7 17. Bg2 Bxg2 18. Kxg2 Ra7 19. Rc1 c5 20. d5 exd5
21. cxd5 g6 22. Qc4 b5 23. Qf4 Kg7 24. Rfd1 Re8 25. Kg1 Ne5 26. Nf3 Nh5 27. Qe4
f5 28. Qc2 f4 29. Ng2 Qf6 30. Nxe5 Qxe5 31. gxf4 Nxf4 32. Nxf4 Qxf4 33. Rd3 Rf7
34. Rf3 Qg4+ 35. Rg3 Qf5 36. f3 Re3 37. Kf2 Rb3 38. Qd2 Qf4 39. Qc2 g5 40. Rd1
Qe5 41. Rd2 Rf4 42. Kg2 b4 43. e4 bxa3 44. bxa3 Rxa3 45. Rd3 Rxd3 46. Qxd3 Qb2+
47. Kh1 Rf7 48. Rg2 Qb3 49. Qa6 Qd1+ 0-1

[Event "SC Siegburg 1 - Klub Kölner SF 1"]
[Site "Oberliga NRW 2018/2019"]
[Date "2019.02.17"]
[Round "6.5"]
[White "Bonnmann, Reinhard"]
[Black "Kolkin, Michail"]
[Result "1-0"]
[WhiteElo "2192"]
[BlackElo "2324"]
[PlyCount "71"]
[EventDate "2019.??.??"]
[WhiteTeam "Klub Kölner SF 1"]
[BlackTeam "SC Siegburg 1"]

1. d4 d5 2. c4 c6 3. Nf3 e6 4. g3 Bd6 5. Bg2 f5 6. O-O Nf6 7. b3 Qe7 8. Bb2 O-O
9. Nbd2 b6 10. Ne5 Bb7 11. Ndf3 Nbd7 12. Nd3 Rac8 13. Nfe5 Rfd8 14. a4 c5 15.
Qb1 cxd4 16. Bxd4 Nxe5 17. Nxe5 Bxe5 18. Bxe5 dxc4 19. Bxb7 Qxb7 20. Bxf6 gxf6
21. bxc4 Rxc4 22. Qb2 Kg7 23. Rfd1 Qc7 24. Rxd8 Qxd8 25. a5 bxa5 26. Qb7+ Kg6
27. Qxa7 a4 28. Rb1 Qd5 29. Qe7 Qc6 30. h4 Rc1+ 31. Rxc1 Qxc1+ 32. Kh2 Qc6 33.
h5+ Kh6 34. Qxf6+ Kxh5 35. f4 h6 36. Qf7+ 1-0

[Event "SC Siegburg 1 - Klub Kölner SF 1"]
[Site "Oberliga NRW 2018/2019"]
[Date "2019.02.17"]
[Round "6.6"]
[White "Varitski, Igor"]
[Black "Ludwig, Peter"]
[Result "1-0"]
[WhiteElo "2181"]
[BlackElo "2153"]
[PlyCount "113"]
[EventDate "2019.??.??"]
[WhiteTeam "SC Siegburg 1"]
[BlackTeam "Klub Kölner SF 1"]

1. e4 e6 2. d4 d5 3. Nd2 c5 4. exd5 Qxd5 5. Ngf3 cxd4 6. Bc4 Qd8 7. O-O Nf6 8.
Nb3 Nc6 9. Nbxd4 Nxd4 10. Nxd4 a6 11. c3 Bd6 12. Qe2 Qc7 13. h3 O-O 14. Bg5 Nd7
15. Rad1 Nc5 16. a3 b5 17. Ba2 e5 18. Nc2 Kh8 19. Ne3 f6 20. Nd5 Qb8 21. Be3
Be6 22. Bb1 f5 23. Rfe1 e4 24. Qh5 Nd3 25. Bxd3 Bxd5 26. Bc2 Bc6 27. Rd2 Be5
28. Bd4 Bf4 29. Be3 Be5 30. Bc5 Be8 31. Qh4 Bf6 32. Qg3 Qxg3 33. fxg3 Rf7 34.
Bb3 Rd7 35. Rxd7 Bxd7 36. Rd1 Be8 37. Be6 Bg6 38. Kf2 Re8 39. Bd7 Rd8 40. Bb6
Rb8 41. Bc7 Rb7 42. Bf4 a5 43. Bc8 Ra7 44. Rd5 b4 45. Bxf5 bxc3 46. bxc3 Bxf5
47. Rxf5 Kg8 48. c4 Kf7 49. Ke3 Ke6 50. Kxe4 a4 51. Rb5 Kd7 52. Kd5 g5 53. Bd6
Bd8 54. c5 Bc7 55. c6+ Kc8 56. Bxc7 Kxc7 57. Rb7+ 1-0

[Event "SC Siegburg 1 - Klub Kölner SF 1"]
[Site "Oberliga NRW 2018/2019"]
[Date "2019.02.17"]
[Round "6.7"]
[White "Wisskirchen, Andreas"]
[Black "Breest, Axel"]
[Result "1/2-1/2"]
[WhiteElo "2202"]
[BlackElo "1961"]
[Annotator "Daniel"]
[PlyCount "39"]
[EventDate "2019.??.??"]
[WhiteTeam "Klub Kölner SF 1"]
[BlackTeam "SC Siegburg 1"]

1. Nf3 Nf6 2. c4 c5 3. Nc3 Nc6 4. g3 d5 5. cxd5 Nxd5 6. Bg2 g6 7. O-O Bg7 8.
Qa4 Nc7 9. d3 Bd7 10. Qh4 h6 11. Be3 b6 12. d4 cxd4 $11 13. Nxd4 Nxd4 14. Bxd4
e5 15. Qxd8+ Rxd8 16. Be3 O-O 17. Rfd1 Bc8 18. a4 Ne6 19. Nb5 Nd4 20. Nxd4
1/2-1/2

[Event "SC Siegburg 1 - Klub Kölner SF 1"]
[Site "Oberliga NRW 2018/2019"]
[Date "2019.02.17"]
[Round "6.8"]
[White "Okrajek, Alexander"]
[Black "Schmidt, Martin"]
[Result "1-0"]
[WhiteElo "2117"]
[BlackElo "2204"]
[PlyCount "73"]
[EventDate "2019.??.??"]
[WhiteTeam "SC Siegburg 1"]
[BlackTeam "Klub Kölner SF 1"]

1. d4 d5 2. c4 Nc6 3. e3 e5 4. dxe5 d4 5. exd4 Qxd4 6. Qxd4 Nxd4 7. Bd3 Ne7 8.
Ne2 Bf5 9. Nxd4 Bxd3 10. b3 O-O-O 11. Be3 Ng6 12. Nf3 Bb4+ 13. Bd2 Be7 14. Nc3
Rhe8 15. Nd5 Ba3 16. Bc3 c6 17. Ne3 Nf4 18. Rd1 f6 19. g3 Ne2 20. Ba5 b6 21.
Rxd3 Rxd3 22. Kxe2 Red8 23. Be1 Bb2 24. exf6 gxf6 25. h4 a5 26. c5 a4 27. cxb6
axb3 28. axb3 Rxb3 29. Bd2 Ba3 30. Nc4 Re8+ 31. Be3 Bc5 32. Rd1 Kb8 33. Nd4
Bxd4 34. Rxd4 Rb4 35. Kd3 c5 36. Rd7 Kc8 37. Rxh7 1-0

[Event "SV Dinslaken 1 - SC Siegburg 1"]
[Site "Oberliga NRW 2018/2019"]
[Date "2019.03.17"]
[Round "7.1"]
[White "Jackelen, Thomas"]
[Black "Tereick, Benjamin"]
[Result "1/2-1/2"]
[WhiteElo "2372"]
[BlackElo "2364"]
[PlyCount "29"]
[EventDate "2019.??.??"]
[WhiteTeam "SC Siegburg 1"]
[BlackTeam "SV Dinslaken 1"]

1. Nf3 d5 2. c4 e6 3. d4 dxc4 4. e3 b5 5. a4 b4 6. Bxc4 Bb7 7. a5 a6 8. Nbd2
Nf6 9. O-O c5 10. Nb3 Nbd7 11. Qe2 Bd6 12. Rd1 Qe7 13. dxc5 Nxc5 14. Nxc5 Bxc5
15. Bd2 1/2-1/2

[Event "SV Dinslaken 1 - SC Siegburg 1"]
[Site "Oberliga NRW 2018/2019"]
[Date "2019.03.17"]
[Round "7.2"]
[White "Sielecki, Christof"]
[Black "Schmidt, Bodo"]
[Result "1/2-1/2"]
[WhiteElo "2378"]
[BlackElo "2289"]
[Annotator "Daniel"]
[PlyCount "131"]
[EventDate "2019.??.??"]
[WhiteTeam "SV Dinslaken 1"]
[BlackTeam "SC Siegburg 1"]

1. Nf3 d5 2. g3 Bg4 3. Bg2 Nd7 4. d4 e6 5. O-O Ngf6 6. h3 Bh5 7. c4 c6 8. cxd5
cxd5 9. Nc3 Be7 10. Ne5 Bg6 11. Nxg6 hxg6 12. Bf4 O-O 13. Rc1 Qa5 14. Qb3 Qb4
15. Qxb4 Bxb4 16. Nb5 a6 17. Bd6 Bxd6 18. Nxd6 b5 19. Rc7 Nb6 20. b3 Ne8 21.
Rc6 Nxd6 22. Rxd6 Nc8 $11 23. Rc6 Ne7 24. Rc7 Nf5 25. e3 Rfc8 26. Rfc1 Rxc7 27.
Rxc7 b4 28. Bf1 a5 29. Bd3 Kf8 30. Bxf5 gxf5 31. h4 Ra6 32. Kg2 Kg8 33. Kf3 f6
34. Kf4 Kh7 35. f3 Kh6 36. g4 fxg4 37. fxg4 Kg6 38. Rc8 Kf7 39. Rc7+ Kg6 40.
Rc8 Ra7 41. h5+ Kf7 42. g5 fxg5+ 43. Kxg5 a4 44. Rb8 axb3 45. axb3 Ra1 46. Rb7+
Kf8 47. Kf4 Re1 48. Rxb4 Kf7 49. Rb8 Kf6 50. Rf8+ Ke7 51. Rh8 Kf6 52. b4 Rf1+
53. Kg4 Rg1+ 54. Kf3 Rf1+ 55. Ke2 Rb1 56. Rf8+ Ke7 57. Rb8 Rh1 58. Rh8 Rb1 59.
Rh7 Kf6 60. h6 gxh6 61. Rxh6+ Kf5 62. Rh8 Rxb4 63. Rf8+ Kg6 64. Kd3 Rb1 65. Kc3
Rb6 66. Kd3 1/2-1/2

[Event "SV Dinslaken 1 - SC Siegburg 1"]
[Site "Oberliga NRW 2018/2019"]
[Date "2019.03.17"]
[Round "7.3"]
[White "Andreev, Eduard"]
[Black "Strijbos, Maarten"]
[Result "1/2-1/2"]
[WhiteElo "2388"]
[BlackElo "2329"]
[PlyCount "75"]
[EventDate "2019.??.??"]
[WhiteTeam "SC Siegburg 1"]
[BlackTeam "SV Dinslaken 1"]

1. e4 c5 2. Nf3 Nc6 3. Bb5 g6 4. Bxc6 dxc6 5. d3 Bg7 6. h3 Nf6 7. Nc3 Nd7 8.
Be3 e5 9. Qd2 h6 10. Nh2 Qe7 11. O-O Nf8 12. f4 exf4 13. Bxf4 g5 14. Bg3 Ng6
15. Rae1 Be5 16. Bxe5 Nxe5 17. Nf3 Nxf3+ 18. Rxf3 Qe5 19. Qf2 Be6 20. Rf5 Qd4
21. Rf6 Qxf2+ 22. Kxf2 Ke7 23. Rf3 Rag8 24. a4 a5 25. Rfe3 h5 26. Nd5+ cxd5 27.
exd5 Rh6 28. dxe6 Rxe6 29. Rxe6+ fxe6 30. Re4 Kd6 31. d4 Rf8+ 32. Ke2 cxd4 33.
Rxd4+ Kc6 34. Re4 Kd6 35. Rd4+ Kc6 36. Rd3 Rf5 37. Re3 Kd6 38. Rb3 1/2-1/2

[Event "SV Dinslaken 1 - SC Siegburg 1"]
[Site "Oberliga NRW 2018/2019"]
[Date "2019.03.17"]
[Round "7.4"]
[White "Welzel, Philipp"]
[Black "Grinev, Valeriy"]
[Result "0-1"]
[WhiteElo "2214"]
[BlackElo "2422"]
[Annotator "Daniel"]
[PlyCount "100"]
[EventDate "2019.??.??"]
[WhiteTeam "SV Dinslaken 1"]
[BlackTeam "SC Siegburg 1"]

1. d4 Nf6 2. c4 g6 3. Nf3 Bg7 4. g3 O-O 5. Bg2 c5 6. d5 b5 7. cxb5 a6 8. bxa6
d6 9. Nc3 Nbd7 10. O-O Nb6 11. Re1 Bxa6 12. h3 Nfd7 13. Nd2 Bb7 14. e4 Ne5 15.
Nf3 Nbc4 16. Nxe5 Bxe5 17. Qc2 Qa5 18. Bf1 Ba6 19. Bd2 Nxd2 20. Qxd2 Rfb8 21.
Bxa6 Rxa6 22. Rec1 Rab6 23. Rc2 Rb4 24. Re1 Ra8 25. Qe2 Qa7 26. Kg2 Rxb2 27.
Rxb2 Bxc3 28. Reb1 Bxb2 29. Rxb2 Qa4 30. Rb7 Kf8 31. Qe3 Re8 32. a3 $11 Qc4 33.
h4 f5 34. f3 fxe4 35. Qf4+ Kg8 36. Qxe4 Qxe4 37. fxe4 Kf7 38. Kf3 Ra8 39. Rb3
Kf6 40. Kf4 h6 41. Rf3 Ra4 42. g4 g5+ 43. hxg5+ hxg5+ 44. Kg3+ Ke5 45. Rf5+
Kxe4 46. Rxg5 Rxa3+ 47. Kh4 c4 48. Rg8 c3 49. Rc8 Kd3 50. g5 c2 0-1

[Event "SV Dinslaken 1 - SC Siegburg 1"]
[Site "Oberliga NRW 2018/2019"]
[Date "2019.03.17"]
[Round "7.6"]
[White "Sonnenschein, Philipp"]
[Black "Kolkin, Michail"]
[Result "1-0"]
[WhiteElo "2122"]
[BlackElo "2324"]
[PlyCount "99"]
[EventDate "2019.??.??"]
[WhiteTeam "SV Dinslaken 1"]
[BlackTeam "SC Siegburg 1"]

1. e4 c5 2. Nf3 Nc6 3. d4 cxd4 4. Nxd4 e5 5. Nb5 d6 6. N1c3 a6 7. Na3 b5 8. Nd5
Nge7 9. c4 Nd4 10. cxb5 Nxd5 11. exd5 Be7 12. Be3 O-O 13. Bd3 Nxb5 14. Nxb5
axb5 15. O-O Bd7 16. Qb3 f5 17. f4 Bf6 18. fxe5 Bxe5 19. Bf4 Qb6+ 20. Kh1 Ra4
21. Bxe5 dxe5 22. Rae1 Qd6 23. a3 Rd4 24. Rd1 b4 25. Bc4 Rh4 26. g3 Ba4 27.
Qxa4 Rxc4 28. Qb3 Re4 29. axb4 Rxb4 30. Qc3 g6 31. Rf2 Rfb8 32. Rc2 R4b6 33.
Rdd2 Rd8 34. Qa5 Qb8 35. Rc6 Rd6 36. Rdc2 Rbxc6 37. Rxc6 Qd8 38. Qa6 Qg5 39.
Rxd6 Qc1+ 40. Kg2 Qd2+ 41. Kf1 Qd1+ 42. Kf2 Qc2+ 43. Ke3 Qc1+ 44. Kd3 e4+ 45.
Kd4 Qxb2+ 46. Kc5 Qf2+ 47. Kc6 Qc2+ 48. Kb7 e3 49. Rd7 Qb2+ 50. Ka8 1-0

[Event "SV Dinslaken 1 - SC Siegburg 1"]
[Site "Oberliga NRW 2018/2019"]
[Date "2019.03.17"]
[Round "7.7"]
[White "Varitski, Igor"]
[Black "Bergmans, Dirk"]
[Result "1-0"]
[WhiteElo "2181"]
[BlackElo "2044"]
[PlyCount "61"]
[EventDate "2019.??.??"]
[WhiteTeam "SC Siegburg 1"]
[BlackTeam "SV Dinslaken 1"]

1. e4 c6 2. d4 d5 3. Nc3 dxe4 4. Nxe4 Bf5 5. Ng3 Bg6 6. Nh3 e6 7. Nf4 Bd6 8. c3
Nf6 9. h4 Qc7 10. Qf3 Nbd7 11. h5 Bc2 12. h6 g6 13. Bd3 Bxd3 14. Nxd3 Qa5 15.
Bf4 Be7 16. O-O O-O 17. Rfe1 Rfe8 18. Ne5 Qd5 19. Qe2 Rad8 20. Rad1 Qxa2 21.
Ra1 Qb3 22. Nc4 Nd5 23. Bc1 a6 24. Ne4 N7f6 25. Nc5 Bxc5 26. dxc5 Qb5 27. Ra5
Qb3 28. Nd6 Re7 29. Ra3 Nxc3 30. Qe5 Ne2+ 31. Rxe2 1-0

[Event "SV Dinslaken 1 - SC Siegburg 1"]
[Site "Oberliga NRW 2018/2019"]
[Date "2019.03.17"]
[Round "7.8"]
[White "Poess, Frank"]
[Black "Breest, Axel"]
[Result "1-0"]
[WhiteElo "1956"]
[BlackElo "1961"]
[PlyCount "85"]
[EventDate "2019.??.??"]
[WhiteTeam "SV Dinslaken 1"]
[BlackTeam "SC Siegburg 1"]

1. Nf3 Nf6 2. d4 c5 3. e3 d5 4. Be2 Nc6 5. O-O h6 6. c4 e6 7. cxd5 exd5 8. Nc3
Be6 9. b3 Be7 10. Bb2 O-O 11. Rc1 b6 12. Na4 Nd7 13. Ba3 Nb4 14. Qd2 Rc8 15.
Bxb4 cxb4 16. Ba6 Nf6 17. Bxc8 Bxc8 18. Ne5 Ne4 19. Qc2 Bd6 20. f3 Nf6 21. Nb2
Bb7 22. Nbd3 Nh5 23. Qf2 Qb8 24. Qh4 Nf6 25. Rc2 Ba6 26. Rfc1 Bb5 27. Qh3 Qe8
28. Rc8 Qe7 29. Rxf8+ Kxf8 30. Rc8+ Ne8 31. Qf5 Kg8 32. Nf4 a5 33. Nxd5 Qg5 34.
Qxf7+ Kh7 35. Rxe8 Bxe8 36. Qxe8 Qf5 37. Nf4 Bxe5 38. Qxe5 Qb1+ 39. Kf2 Qxa2+
40. Kg3 Qxb3 41. Ne6 Kg6 42. Qxg7+ Kf5 43. e4+ 1-0

[Event "SF Gerresheim 1 - SV Erkenschwick 1"]
[Site "Oberliga NRW 2018/2019"]
[Date "2019.03.17"]
[Round "7.1"]
[White "Erwich, Marc"]
[Black "Dresen, Ulrich"]
[Result "1-0"]
[WhiteElo "2265"]
[BlackElo "2202"]
[PlyCount "91"]
[EventDate "2019.??.??"]
[WhiteTeam "SV Erkenschwick 1"]
[BlackTeam "SF Gerresheim 1"]

1. e4 e5 2. Nf3 Nc6 3. Bb5 a6 4. Ba4 Nf6 5. O-O Be7 6. Re1 b5 7. Bb3 d6 8. c3
O-O 9. h3 Na5 10. Bc2 c5 11. d4 Nd7 12. Nbd2 g6 13. Nf1 exd4 14. cxd4 Nc6 15.
d5 Nce5 16. N3d2 f6 17. f4 Nf7 18. Nf3 Re8 19. a4 Bb7 20. Qe2 Qb8 21. Be3 b4
22. a5 Bf8 23. h4 Bg7 24. h5 Nf8 25. hxg6 hxg6 26. Qf2 Bc8 27. Qg3 Nh6 28. N1h2
Ra7 29. Nh4 Kh7 30. Bf2 Rae7 31. e5 f5 32. e6 Bxb2 33. Rab1 Bf6 34. Ba4 Bb7 35.
Bxe8 Qxe8 36. Red1 Qb5 37. N4f3 Qc4 38. Rbc1 Qb5 39. Qh3 Kg7 40. g4 fxg4 41.
Nxg4 Nxg4 42. Qxg4 Qe2 43. f5 Kg8 44. Rd2 Qb5 45. Bh4 Bxh4 46. Nxh4 1-0

[Event "SF Gerresheim 1 - SV Erkenschwick 1"]
[Site "Oberliga NRW 2018/2019"]
[Date "2019.03.17"]
[Round "7.2"]
[White "Volkov, Mykyta"]
[Black "Erwich, Frank"]
[Result "0-1"]
[WhiteElo "2150"]
[BlackElo "2324"]
[Annotator "Daniel"]
[PlyCount "62"]
[EventDate "2019.??.??"]
[WhiteTeam "SF Gerresheim 1"]
[BlackTeam "SV Erkenschwick 1"]

1. d4 Nf6 2. c4 e6 3. Nc3 Bb4 4. Qc2 b6 5. a3 Bxc3+ 6. Qxc3 Bb7 7. f3 d5 8. Bg5
c5 9. dxc5 d4 10. Qb3 O-O 11. cxb6 Nbd7 12. e4 axb6 13. Nh3 Nc5 14. Qd1 e5 15.
Nf2 Ba6 $11 16. Be2 Ne6 17. Bd2 Nh5 18. g3 g6 19. f4 exf4 20. Bxh5 gxh5 21.
Qxh5 Bxc4 22. gxf4 Kh8 23. Ng4 Ng7 24. Qg5 f6 25. Qh4 Qe8 26. Nf2 Qb5 27. Bb4
Rf7 28. Rd1 Re8 29. Rg1 Be2 30. Rd2 Bf3 31. f5 Qc4 0-1

[Event "SF Gerresheim 1 - SV Erkenschwick 1"]
[Site "Oberliga NRW 2018/2019"]
[Date "2019.03.17"]
[Round "7.3"]
[White "Van Beek, Alexander"]
[Black "Liedmann, Dennis"]
[Result "1-0"]
[WhiteElo "2269"]
[BlackElo "2171"]
[PlyCount "81"]
[EventDate "2019.??.??"]
[WhiteTeam "SV Erkenschwick 1"]
[BlackTeam "SF Gerresheim 1"]

1. e4 d5 2. exd5 Nf6 3. d4 Bg4 4. Be2 Bxe2 5. Qxe2 Qxd5 6. Nf3 Nc6 7. c4 Qf5 8.
O-O O-O-O 9. Be3 e6 10. Nc3 g5 11. Rfd1 Rg8 12. c5 Nd5 13. Nxd5 Rxd5 14. b4 g4
15. Ne5 Nxe5 16. dxe5 Qxe5 17. c6 bxc6 18. Qa6+ Kd7 19. Rdc1 Bd6 20. Qxc6+ Ke7
21. g3 Qe4 22. b5 Qa4 23. Bc5 Rgg5 24. Qxc7+ Kf6 25. Bxd6 Rgf5 26. Qd8+ Kg6 27.
Qg8+ Kf6 28. Bf8 Rg5 29. Qh8+ Kf5 30. Qxh7+ Kf6 31. Qh6+ Rg6 32. Qf4+ Qxf4 33.
gxf4 Rxb5 34. Rc7 Ra5 35. Bc5 Rh6 36. Rb1 Rxa2 37. Rbb7 Kf5 38. Rxf7+ Ke4 39.
Rxa7 Rc2 40. Ra4+ Kd5 41. Be3 1-0

[Event "SF Gerresheim 1 - SV Erkenschwick 1"]
[Site "Oberliga NRW 2018/2019"]
[Date "2019.03.17"]
[Round "7.4"]
[White "Van Lanen, Toon"]
[Black "Homs, Guust"]
[Result "1/2-1/2"]
[WhiteElo "2141"]
[BlackElo "2186"]
[PlyCount "44"]
[EventDate "2019.??.??"]
[WhiteTeam "SF Gerresheim 1"]
[BlackTeam "SV Erkenschwick 1"]

1. e4 e5 2. Nf3 Nc6 3. d4 exd4 4. Nxd4 Nf6 5. Nxc6 bxc6 6. Bd3 d5 7. exd5 cxd5
8. O-O Be7 9. c4 d4 10. Na3 O-O 11. Nb5 Bg4 12. f3 Bh5 13. Kh1 c5 14. Re1 a6
15. Na3 Qd6 16. Bg5 Bd8 17. Bh4 Bg6 18. Bg3 Qb6 19. Rb1 Nh5 20. Nc2 Nxg3+ 21.
hxg3 a5 22. Na3 Qf6 1/2-1/2

[Event "SF Gerresheim 1 - SV Erkenschwick 1"]
[Site "Oberliga NRW 2018/2019"]
[Date "2019.03.17"]
[Round "7.5"]
[White "Krings, Christoph"]
[Black "Koehler, Markus"]
[Result "1/2-1/2"]
[WhiteElo "2143"]
[BlackElo "2116"]
[PlyCount "49"]
[EventDate "2019.??.??"]
[WhiteTeam "SV Erkenschwick 1"]
[BlackTeam "SF Gerresheim 1"]

1. d4 Nf6 2. Nf3 g6 3. c4 Bg7 4. Nc3 O-O 5. e4 d6 6. Be2 c5 7. d5 e5 8. dxe6
fxe6 9. e5 dxe5 10. Qxd8 Rxd8 11. Nxe5 Nfd7 12. Bg5 Re8 13. Nxd7 Bxc3+ 14. bxc3
Bxd7 15. Rd1 Bc6 16. O-O Nd7 17. Rd6 Kf7 18. Rfd1 Nf6 19. f3 Rac8 20. R1d2 Rc7
21. Kf2 Ree7 22. h4 Red7 23. Be3 Rxd6 24. Rxd6 Ba4 25. g4 1/2-1/2

[Event "SF Gerresheim 1 - SV Erkenschwick 1"]
[Site "Oberliga NRW 2018/2019"]
[Date "2019.03.17"]
[Round "7.6"]
[White "Yilmaz, Ahmet"]
[Black "Strozewski, Frank"]
[Result "0-1"]
[WhiteElo "1844"]
[BlackElo "1926"]
[PlyCount "98"]
[EventDate "2019.??.??"]
[WhiteTeam "SF Gerresheim 1"]
[BlackTeam "SV Erkenschwick 1"]

1. e4 d6 2. d4 g6 3. h4 Bg7 4. h5 Nc6 5. c3 e5 6. Bc4 exd4 7. Nf3 Ne5 8. cxd4
Nxf3+ 9. Qxf3 Qf6 10. Qb3 g5 11. Nc3 c6 12. Be3 Nh6 13. f3 O-O 14. O-O-O Re8
15. Qc2 Nf5 16. Bf2 Ne7 17. h6 Bxh6 18. g4 Bg7 19. Be3 h6 20. f4 gxf4 21. Rdf1
Ng6 22. Qh2 d5 23. Bxf4 dxc4 24. Bxh6 Qxd4 25. Bg5 Nf8 26. Rxf7 Kxf7 27. Qh5+
Kg8 28. Qxe8 Qd7 29. Qh5 Qxg4 30. Qxg4 Bxg4 31. Rg1 Bh5 32. Bh6 Ne6 33. e5 Kf7
34. Rf1+ Ke7 35. Be3 Rd8 36. Rh1 Rd3 37. Bd2 Bf3 38. Rh7 Kf7 39. Rh4 b5 40. b3
Bxe5 41. Ne4 cxb3 42. axb3 Rxb3 43. Rh3 Ra3 44. Nc3 Bg2 45. Rh7+ Kg8 46. Rh6
Bxc3 47. Rg6+ Kf7 48. Rxg2 Bxd2+ 49. Rxd2 c5 0-1

[Event "SF Gerresheim 1 - SV Erkenschwick 1"]
[Site "Oberliga NRW 2018/2019"]
[Date "2019.03.17"]
[Round "7.7"]
[White "Broszeit, Peter"]
[Black "Goldblat, Michael"]
[Result "0-1"]
[WhiteElo "1914"]
[BlackElo "2085"]
[PlyCount "72"]
[EventDate "2019.??.??"]
[WhiteTeam "SV Erkenschwick 1"]
[BlackTeam "SF Gerresheim 1"]

1. e4 e6 2. d4 d5 3. Nc3 Bb4 4. e5 c5 5. a3 Bxc3+ 6. bxc3 Qc7 7. Qg4 f5 8. Qg3
cxd4 9. cxd4 Ne7 10. Bd2 O-O 11. Bd3 Nbc6 12. Ne2 Bd7 13. O-O Na5 14. Bb4 Rf7
15. Bd6 Qd8 16. Rab1 Rc8 17. Rfc1 a6 18. Bc5 b5 19. a4 Qe8 20. axb5 Bxb5 21.
Nf4 Nec6 22. Bxb5 axb5 23. Nd3 Nc4 24. c3 Nd2 25. Rb2 Ne4 26. Qe3 Na5 27. Rb4
Nc4 28. Qe1 h6 29. f3 Nxc5 30. Nxc5 Ra7 31. Rcb1 Rca8 32. Rxb5 Na3 33. R5b3
Nxb1 34. Rxb1 Ra2 35. Qd1 Qg6 36. g3 Qh5 0-1